000 00656nam a2200217Ii 4500
003 JO-AjNU
008 230605s9999||||xx |||||||||||||| ||und||
017 _a2004/3/601
040 _aJO-AjNU
_bara
_erda
_cJO-AjNU
041 _aara
050 1 4 _aPJ7864.U25.H3 2004
100 3 _aتأليف طبيشات، رياض,
_eauthor
_945826
245 0 0 _aهل أتو...!!! : خمس مسرحيات
250 _aط1
264 3 1 _aعمان: دار الكندي، 2004
300 _a167ص
336 _atext
_btxt
_2rdacontent
337 _aunmediated
_bn
_2rdamedia
338 _avolume
_bnc
_2rdacarrier
650 4 _aالأدب العربي - مسرح
_945827
999 _aA19892
_c23460
_d23460